Reálne aktíva ako forma diverzifikácie portfólia diplomová práca

Salvato in:
Dettagli Bibliografici
Autore principale: Husarčík, Gabriel
Ente Autore: Národohospodárska fakulta EU. Katedra bankovníctva a medzinárodných financií
Altri autori: Gachová, Katarína, 1977-
Natura: Libro
Lingua:slovacco
Pubblicazione: Bratislava 2025
Tags: Aggiungi Tag
Nessun Tag, puoi essere il primo ad aggiungerne!!

MARC

LEADER 00000nbm a2200000 4500
001 0309263
005 20260109090844.2
041 0 |a slo 
044 |a SK 
245 1 0 |a Reálne aktíva ako forma diverzifikácie portfólia  |b diplomová práca  |c Gabriel Husarčík ; školiteľ: Katarína Gachová 
264 1 |a Bratislava  |c 2025 
300 |a 61 s. 
100 1 |a Husarčík, Gabriel 
700 1 |a Gachová, Katarína, 1977- 
710 2 |a Národohospodárska fakulta EU. Katedra bankovníctva a medzinárodných financií